000 00687nam a2200229 a 4500
001 BRCA_5772
005 20190320205217.0
008 090311t1941----u--ao#####---#000-0#eng-#
041 _aeng
044 _au
050 4 _aTR1
_b.A55
_c1941
245 1 0 _aThe American Annual of Photography 1942: Volume fifty six.
_cAmerican Photographie.
260 _aE.U.A
_bAmerican Photographie
_c1941
300 _a280 p.
_bils., fotogr.
_c25 cm.
500 _aEditado por Frank R. Frapie y Franklin I. Jordan.
500 _aH75
650 1 4 _aFotografĂ­a
_zE.U.A
_914645
700 1 _aFrapie R., Frank
_eed.
_914646
700 1 _aI. Jordan Franklin.
_eed.
_914647
902 _aGFM
942 _2lcc
_cB
999 _c5461
_d5461